[Event "Saint Louis SPICE Cup op 12th"]
[Site "Saint Louis"]
[Date "2018.10.28"]
[Round "9"]
[White "Bok, Benjamin"]
[Black "Durarbayli, Vasif"]
[Result "1-0"]
[WhiteElo "2639"]
[BlackElo "2629"]
[Annotator "Bok,B"]
[PlyCount "125"]
[EventDate "2018.10.23"]
[EventType "swiss"]
[EventRounds "9"]
[EventCountry "USA"]
[SourceTitle "CBM 187 Extra"]
[Source "ChessBase"]
[SourceDate "2018.11.04"]
[SourceVersion "1"]
[SourceVersionDate "2018.11.04"]
[SourceQuality "1"]

{This game was played in the last round of the SPICE Cup. Before this game I
was on 5/8 and I was looking to finish the tournament on a high note.} 1. Nf3
Nf6 2. c4 c5 3. Nc3 e6 4. g3 b6 5. Bg2 Bb7 6. O-O Be7 7. Re1 ({Another
approach to this line begins with} 7. d4 cxd4 8. Qxd4 {and White will try to
fight against the hedgehog that Black is going to set up with ...d6, Nbd7, a6,
etc.}) 7... d5 8. cxd5 exd5 (8... Nxd5 {is the alternative.}) 9. d4 O-O 10. b3
$5 {I knew this is not the main line but I was in a creative mood that day.} ({
Most games continue with} 10. Bf4 {here}) 10... Nc6 ({Black's alternatives
include} 10... Nbd7 11. Bb2 Re8) ({and} 10... Ne4 11. Bb2 Bf6 {I believe in
both cases White has chances to fight for an advantage.}) (10... c4 $6 {
is unplayable on account of} 11. bxc4 dxc4 12. a3 $16 {followed by e2-e4}) 11.
Bb2 Re8 12. Rc1 cxd4 13. Nxd4 Nxd4 14. Qxd4 Bc5 15. Qf4 $5 (15. Qd3 Ng4 16. Rf1
(16. e3 $6 d4 $1 17. exd4 (17. Bxb7 $2 dxe3 $19) 17... Rxe1+ 18. Rxe1 Bxd4 $11)
16... Qf6 $13) 15... Re6 $6 {After this, Black's position becomes very
difficult.} ({In case of} 15... Qd7 16. Rcd1 Rad8 17. e3 {White's position is
definitely more pleasant but Black has good chances to hold on.}) 16. Nb5 $1 {
White's threats are now difficult to deal with.} Ne4 17. e3 Qd7 $6 18. Bh3 $1
Rf8 (18... Qxb5 19. Bxe6 fxe6 20. Qc7 $18 {the point behind hanging the knight
on b5.}) (18... Nxf2 19. Kxf2 Qxb5 20. Bxe6 fxe6 21. Qc7 Rf8+ 22. Kg1 Rf7 23.
Qb8+ Bf8 24. Rf1 $18 {is also hopeless for Black.}) 19. Nd4 Bd6 20. Qf5 Rfe8
21. Nxe6 fxe6 22. Qh5 $18 {White is a healthy exchange up and technically
winning.} Rf8 23. Rc2 Nc5 24. Bd4 (24. Rd1) 24... Qe7 25. Rd1 g6 26. Qg4 Bc8
27. Bxc5 Bxc5 28. b4 e5 29. Qxc8 (29. Qh4 Qxh4 30. gxh4 Bxh3 31. bxc5 {is also
winning.}) 29... Rxc8 30. Bxc8 Bxb4 31. Rxd5 {Black managed to regain some
material but due to his exposed king he is helpless against the White rooks.}
Qf6 32. Rd7 (32. Rc7 {would have been more convincing, with the fine point that
} Be1 {runs into} 33. Be6+ $1 Kh8 34. Rf7 $18) 32... Bc5 33. Rcd2 Bb4 34. Rd1
Qf3 35. Bb7 Qe2 36. Bd5+ (36. Rd8+ Kg7 37. R1d7+ Kf6 38. Bd5 {Would have
concluded the game faster}) 36... Kh8 37. Bb3 Be1 38. Rf7 Bd2 39. h4 (39. Rxa7
{Would have been easier way to victory.}) 39... a5 40. Rd7 Be1 41. Rd8+ Kg7 42.
R1d7+ Kh6 43. Rf8 $6 ({Stronger would have been} 43. Rf7 $18 {as now Black
does not have the resource he had in the game.}) 43... Bxf2+ $8 {Vasif spots
his chance to make my task more difficult} 44. Rxf2 Qg4 {This was the move
that I had missed.} (44... Qxe3 45. Kg2 {is hopeless as Rff7 will come soon.})
45. Rff7 Qxg3+ 46. Kf1 Qh3+ 47. Ke2 Qg2+ 48. Kd3 Kh5 49. Rxh7+ Kg4 50. h5 Qf1+
51. Ke4 Qf3+ 52. Kxe5 Qxe3+ 53. Kd6 Qc5+ 54. Ke6 gxh5 55. Rdf7 Qc6+ 56. Ke5
Qc3+ $6 (56... Qc5+ {Would have made my task harder as now it's more difficult
to escape from the checks.}) 57. Kd6 {Now my king escapes and the hunt on the
black king can begin!} Qd4+ 58. Kc6 Qc5+ 59. Kb7 Kh4 60. Rfg7 b5 61. Be6 Qe5
62. Rg4+ Kh3 63. Re4+ (63. Rg5+ Qxe6 64. Rhxh5# {Would have been slightly more
precise, but picking up a queen isn't bad either :).}) 1-0

[Event "BCF-ch 82nd"]
[Site "Swansea"]
[Date "1995.??.??"]
[Round "8"]
[White "Summerscale, Aaron"]
[Black "Levitt, Jonathan"]
[Result "0-1"]
[WhiteElo "2455"]
[BlackElo "2420"]
[Annotator "Bulletin"]
[PlyCount "140"]
[EventDate "1995.08.??"]
[EventType "swiss"]
[EventRounds "11"]
[EventCountry "WLS"]
[SourceTitle "EXT 1997"]
[Source "ChessBase"]
[SourceDate "1996.11.15"]
[SourceVersion "1"]
[SourceVersionDate "1996.11.15"]
[SourceQuality "1"]

1. d4 Nf6 2. c4 e6 3. Nf3 b6 4. g3 Bb7 5. Bg2 Be7 6. O-O O-O 7. Bf4 d5 8. Qc2
c5 9. Rd1 Nbd7 10. dxc5 Bxc5 11. Nc3 dxc4 12. Nb5 Bd5 13. Nc7 Rc8 14. Nxd5 exd5
15. Ne1 b5 16. Bxd5 Qb6 17. e3 Nxd5 18. Rxd5 Nf6 19. Rdd1 Qb7 20. Qf5 Rfe8 21.
Rac1 Bf8 22. Bd6 Re6 23. Bxf8 Kxf8 24. Nf3 Qe4 25. Qxe4 Nxe4 26. Nd4 Rb6 27. f3
Nd6 28. e4 b4 29. a3 bxa3 30. bxa3 Nb5 31. Nf5 (31. Nxb5 Rxb5 32. Rc3 {was
better.}) 31... Nxa3 32. Rd7 g6 (32... Rb1 33. Rxb1 Nxb1 34. Nd6 (34. Rxf7+
Kxf7 35. Nd6+ Ke6 36. Nxc8 c3) 34... Rc6 35. e5 c3 36. Rxf7+ Kg8 37. Rb7) 33.
Nd6 Rcc6 34. Rxf7+ Kg8 35. Rxa7 Rb1 36. Rxb1 Nxb1 37. Ra1 Nd2 38. Nb5 Nxf3+ 39.
Kg2 Ne5 40. Nc3 Rb6 41. Ra2 Rb3 42. Rc2 Kf7 43. Kf2 Ke6 44. Ke3 Nc6 45. Kd2 Ke5
46. Ne2 Nd4 47. Nxd4 Rd3+ $1 48. Kc1 Rxd4 49. Kb2 Rxe4 50. Kc3 Kf5 51. Rf2+ Kg4
52. Rf7 h5 53. Rf6 g5 54. Rg6 h4 (54... Re5 55. Kxc4 Kh3 56. Kd4 Ra5 57. Rh6 g4
58. Ke3 Kxh2 59. Kf2 Rf5+ {was also winning.}) 55. gxh4 Kxh4 56. Rf6 (56. Rh6+
Kg4 57. Rh8 Re3+ 58. Kxc4 Rh3) 56... Kh3 57. Rf2 Rg4 58. Rd2 Rg2 59. Rd1 Kxh2
60. Kxc4 Re2 61. Kd3 Re8 62. Ra1 g4 63. Ra7 g3 64. Rh7+ Kg1 65. Kd2 g2 66. Rh6
Re5 67. Kd3 Kf2 68. Rf6+ Kg3 69. Rg6+ Kf3 70. Rg8 Rd5+ 0-1

[Event "Yerevan"]
[Site "Yerevan"]
[Date "1989.??.??"]
[Round "?"]
[White "Romanishin, Oleg M"]
[Black "Csom, Istvan"]
[Result "1-0"]
[WhiteElo "2555"]
[BlackElo "2545"]
[Annotator "Bulletin"]
[PlyCount "113"]
[EventDate "1989.05.??"]
[EventType "tourn"]
[EventRounds "11"]
[EventCountry "URS"]
[EventCategory "12"]
[SourceTitle "CBM 014"]
[Source "ChessBase"]
[SourceDate "1990.02.01"]
[SourceVersion "1"]
[SourceVersionDate "1990.02.01"]
[SourceQuality "1"]

1. d4 Nf6 2. Nf3 e6 3. g3 b6 4. Bg2 Bb7 5. c4 Be7 6. O-O O-O 7. d5 exd5 8. Nh4
c6 9. cxd5 Nxd5 10. Nf5 Bf6 (10... Bc5 11. e4 Ne7 12. Nxg7 $1 Kxg7 13. b4 Bxb4
14. Qd4+ f6 15. Qxb4 c5 16. Qd2 $40 {Polugaevsky,L-Kortschnoj,V (12)/Buenos
Aires m/1984/}) (10... Nc7 11. Nc3 d5 12. e4 $40) 11. Re1 (11. e4 Ne7 12. Nd6
Ba6 13. Re1 Be5 14. Nc3 c5 15. Bf4 Bxf4 16. gxf4 Nbc6 17. Qa4 $16 {Lukacs,
P-Portisch,L/HUN-ch/1981/}) 11... Ne7 12. Nd6 Ba6 13. Nc3 $1 Be5 14. Bf4 Bxf4
15. gxf4 Nc8 16. e4 {16.Nce4} Nxd6 (16... c5 $2 17. Nf5 {/\ Qg4, Rad1}) 17.
Qxd6 c5 $1 18. Nd5 Nc6 19. Nc7 (19. e5 Nd4 20. Nc7 $2 Nf5) 19... Bb7 20. Nxa8
Bxa8 21. Rad1 Nd4 22. f5 (22. b4 f5 $1 23. bxc5 bxc5 24. Qxc5 Ne6 25. Qc4 fxe4
26. Bh3 Qh4 $40) 22... Bc6 {>= 22...a5} 23. b4 $1 Nc2 24. Re2 Nxb4 25. a3 Na6
26. Re3 Nc7 27. Rg3 $2 (27. Red3 $1 Ba4 (27... Qc8 28. Rg3 f6 29. Bf1) 28. R1d2
Nb5 29. Qf4 $1 Nd4 30. e5 f6 31. e6 $1 Qe7 (31... dxe6 32. Rxd4 cxd4 33. Rxd4
e5 34. Rxd8 exf4 35. Bd5+ Kh8 36. Rxf8#) 32. Rxd4 cxd4 33. Qxd4 Bb5 34. a4 Bc6
35. exd7 $18) 27... f6 28. Bf1 (28. e5 Nb5 $1) 28... Nb5 29. Bxb5 (29. Bc4+ Kh8
30. Qf4 Nd4 31. Qg4 Qe7 32. Qg6 h6 33. Rh3 Nf3+ 34. Rxf3 Qxe4 $19) 29... Bxb5
30. Re1 Bc6 31. f4 Re8 32. e5 Qe7 33. Qd2 Qf7 $6 {>= 33...d6!} 34. exf6 Rxe1+
35. Qxe1 Qxf6 36. Qe8+ Qf8 37. Qe5 Kh8 $2 (37... d6 38. Qe6+ Qf7 39. Qxd6 Qd5
$1 {Mit Remis-Chancen}) 38. Kf2 c4 39. h4 h6 40. Rg6 Kh7 41. h5 c3 42. f6 gxf6
43. Rxf6 Qc5+ 44. Qxc5 bxc5 45. Ke3 Kg7 46. Rd6 c4 47. Rg6+ Kf7 48. Rxh6 Be4
49. Ra6 d5 50. Rxa7+ Ke6 51. Rg7 Kd6 52. Kd4 c2 53. Rg1 Bf3 54. Rc1 Be4 55. h6
Bh7 56. a4 Kc6 57. a5 1-0

[Event "NOR-ch"]
[Site "Kristiansund"]
[Date "1992.??.??"]
[Round "4"]
[White "Gausel, Einar"]
[Black "Tisdall, Jonathan D"]
[Result "1-0"]
[WhiteElo "2485"]
[BlackElo "2435"]
[Annotator "Bulletin"]
[PlyCount "69"]
[EventDate "1992.??.??"]
[EventType "swiss"]
[EventRounds "9"]
[EventCountry "NOR"]
[SourceTitle "TD"]
[Source "ChessBase"]
[SourceDate "1994.03.01"]
[SourceVersion "1"]
[SourceVersionDate "1994.03.01"]
[SourceQuality "1"]

1. Nf3 Nf6 2. c4 c5 3. Nc3 e6 4. g3 b6 5. Bg2 Bb7 6. O-O Be7 7. Re1 {Ideen er
Е spille e4 fKr d4 slik at man kan ta igjen med hesten uten at hvit-
feltslKperne byttes av.} d5 8. cxd5 exd5 9. d4 O-O 10. b3 Na6 11. Bb2 Re8 {
11...Se4 er mer nKyaktig.} 12. Rc1 Ne4 13. e3 Bf6 14. Ne5 {Eneste forsKk pÅ Е
fÅ fordel.} g6 15. f3 Nxc3 16. Bxc3 Rc8 (16... cxd4 17. exd4 Be7 {og svart har
antagelig utlignet.}) 17. f4 Bg7 18. Qd2 Qe7 19. f5 $5 {Den mest aggressive
fortsettelsen.} Qg5 20. fxg6 hxg6 21. Qf2 Rc7 22. Nd3 Rec8 23. Bh3 f5 $6 {
23...Td8 var bedre.} 24. Bb2 Re7 $4 {En bukk spilt i begynnende tidsnKd.} (
24... Nb4 $1 25. Nxb4 (25. Nf4 Nxa2 26. Ra1 Nb4 27. Ne6 Qh6 28. Nxc7 Qxh3 29.
Ne6 Nd3 30. Qf1 Qxf1+ 31. Rxf1 a5 $1 {og svart stÅr antagelig best.}) 25...
cxb4 26. Qd2 Rxc1 27. Rxc1 Rxc1+ 28. Bxc1 Qe7 29. g4 Bc8 30. Qc2 Be6 31. gxf5
Bxf5 32. Bxf5 Qg5+ 33. Kh1 gxf5 34. Qg2 Qh5 $1 35. Qxd5+ Kh7 36. Qg2 Qd1+ 37.
Qg1 Qf3+ 38. Qg2 Qd1+ $10) 25. Bg2 Rce8 26. Nf4 Rd7 27. Bf1 cxd4 28. Bxd4 Bxd4
29. exd4 Rde7 30. Rxe7 Rxe7 31. h4 $1 Qh6 32. Bxa6 Bxa6 33. Rc6 Rg7 34. Qe1 Kh7
35. Nxd5 1-0

[Event "GER-ch 85th"]
[Site "Verden/Aller"]
[Date "2014.11.29"]
[Round "9"]
[White "Wagner, Dennis"]
[Black "Graf, Felix"]
[Result "1-0"]
[WhiteElo "2484"]
[BlackElo "2476"]
[Annotator "CB"]
[PlyCount "148"]
[EventDate "2014.11.21"]
[EventType "swiss"]
[EventRounds "9"]
[EventCountry "GER"]
[SourceTitle "CBM 163 Extra"]
[Source "ChessBase"]
[SourceDate "2014.12.23"]
[SourceVersion "1"]
[SourceVersionDate "2014.12.23"]
[SourceQuality "1"]

1. Nf3 e6 2. c4 b6 3. g3 Bb7 4. Bg2 Nf6 5. O-O Be7 6. d4 O-O 7. d5 exd5 8. Nh4
c6 9. cxd5 Nxd5 10. Nf5 Nc7 11. Nc3 d5 12. e4 Nd7 13. exd5 Nxd5 14. Nxd5 cxd5
15. Bxd5 Bxd5 16. Qxd5 {Weiß hat den Bauern zurückgewonnen. Er verfügt
über Raumvorteil und die aktiveren Figuren, aber liegt in der Entwicklung
leicht zurück.} Bf6 17. Rd1 Nc5 18. Qf3 {Bis hierhin ist diese Variante
bekannt. Der 18. Zug von Schwarz ist nicht allzu überraschend, könnte aber
eine Neuerung sein.} Qe8 19. Nh6+ Kh8 20. Ng4 Be7 21. Bf4 {Weiß entwickelt
den Läufer c1 und steht ein bisschen besser.} Rd8 22. Rxd8 Qxd8 23. Rd1 Qc8
24. Be5 Ne6 25. h4 f5 $6 {Schwarz verteidigt sich energisch. Zurückhaltender
war 25...f6.} 26. Ne3 f4 27. gxf4 Bxh4 28. f5 Nc5 29. Bxg7+ $1 {Mit diesem
taktischen Schlag gewinnt Weiß einen Bauern und sichert sich Vorteil.} Kxg7
30. Qg4+ Kh8 31. Qxh4 Qc7 32. Qd4+ Qg7+ 33. Qxg7+ Kxg7 34. Kg2 Rf7 35. Kf3 Rd7
36. Rxd7+ Nxd7 {Weiß hat im Springerendspiel einen Bauern mehr, das reicht
oft schon zum Gewinn. Hier ist der Mehrbauer zwar ein Doppelbauer und Schwarz
hat seinerseits einen Freibauern auf der h-Linie, aber dafür kann Weiß mit
seinem vorgerückten f-Bauern Drohungen aufstellen.} 37. Kf4 Kf7 38. Ng4 Nc5
39. Ne5+ Kf6 40. b4 Na4 41. Ng4+ Ke7 42. Ke5 h5 43. Nf6 Kf7 ({Nach} 43... h4
44. Nh7 h3 45. f6+ Kd7 46. f7 h2 47. f8=Q h1=Q 48. Nf6+ Kc7 {kommt Weiß
zuerst. Er kann} 49. Nd5+ {spielen und versuchen, Schwarz Matt zu setzen oder
mit} (49. Qe7+ Kc8 50. Qd7+ Kb8 51. Qxa4 {eine Figur gewinnen.})) 44. Nd5 Nb2
45. Kf4 Nc4 46. Kg5 Nd6 47. f6 h4 48. Kxh4 Ke6 49. Nc3 Kxf6 {Der Doppelbauer
ist verschwunden und Weiß hat ein Springerendspiel mit Mehrbauern. Botvinnik
wird der Ausspruch zugeschrieben, dass Springerendspiele wie Bauernendspiele
sind. Wenn das stimmt, dann steht Weiß hier klar auf Gewinn. Aber in der
Praxis sind Springerendspiele natürlich viel komplizierter als
Bauernendspiele.} 50. f4 Kf5 51. Kg3 a6 52. Kf3 Nc4 53. Nd5 Ke6 54. Nc7+ Kd7
55. Nxa6 Kc6 56. a4 Nb2 57. Ke4 Nxa4 58. Ke5 Nb2 59. f5 Nc4+ 60. Ke6 Nd2 61.
Nb8+ Kb5 62. Nd7 Ne4 63. Ke5 Ng5 64. f6 Kxb4 {Jetzt muss Weiß versuchen, den
Springer von der Kontrolle der Felder f7 und f8 abzudrängen. In der Partie
gelingt ihm das auch. Erst vertreibt der weiße König den Springer, dann
lenkt der weiße Springer seinen Kollegen ab.} 65. Kf5 Nf7 66. Ke6 Ng5+ 67. Kf5
Nf7 68. Kg6 Nd6 ({Hartnäckiger war} 68... Nd8 {Dann muss Weiß nach zum
Beispiel} 69. Nxb6 Kc5 {sehr schwer arbeiten, wenn er noch gewinnen will.}) 69.
Nxb6 Kc5 70. Nc8 $1 Nc4 (70... Nxc8 71. f7 Ne7+ 72. Kg5 {hat Schwarz kein
Schach mehr und der Bauer läuft durch.}) 71. Kf5 Ne3+ 72. Ke6 Ng2 73. f7 Nf4+
74. Kf5 Kd5 1-0

[Event "World Cup"]
[Site "Rotterdam"]
[Date "1989.??.??"]
[Round "?"]
[White "Karpov, Anatoly"]
[Black "Salov, Valery"]
[Result "0-1"]
[WhiteElo "2750"]
[BlackElo "2630"]
[Annotator "ChessBase"]
[PlyCount "104"]
[EventDate "1989.06.??"]
[EventType "tourn"]
[EventRounds "15"]
[EventCountry "NED"]
[EventCategory "15"]
[SourceTitle "CBM 013"]
[Source "ChessBase"]
[SourceDate "1989.12.01"]
[SourceVersion "1"]
[SourceVersionDate "1989.12.01"]
[SourceQuality "1"]

1. d4 Nf6 2. c4 e6 3. Nf3 b6 4. g3 Bb7 5. Bg2 Be7 6. Nc3 Ne4 7. Bd2 Bf6 8. Rc1
(8. Qc2 Nxd2 9. Qxd2 d6 10. O-O O-O 11. d5 e5 $10 {Karpov,An-Salov,V/URS-55ch/
1988/1/2-1/2/ -> CBM 9}) 8... Bxd4 9. Nxd4 $1 Nxc3 10. Bxb7 (10. Bxc3 Bxg2 11.
Rg1 Bb7 12. Qd3 O-O 13. g4 Qg5 14. Rd1 d6 15. Qg3 Nd7 16. f4 Qe7 {Douven,R-Van
der Wiel,J/NLD-ch/1989/0-1/} 17. Nf5 $1 $13) 10... Nxd1 11. Rxd1 c6 $5 {N} (
11... e5 12. Nf5 g6 $13 {Inf45/671; Inf39/671}) 12. Bf4 O-O 13. Bd6 Re8 14.
Bxa8 $6 (14. b4 $5 c5 $1 $13) 14... Qc8 15. b4 Na6 16. b5 Qxa8 17. bxa6 c5 18.
Nf3 Qe4 19. Rc1 f6 20. a3 $1 Qc6 21. Rd1 (21. Bf4 $2 g5 $1 $19) 21... Qa4 22.
Nd2 $8 {22.0-0? Qxc4} Qc6 23. Nf3 Qa4 24. Nd2 Qxa3 $2 {>= 24...Qc6=} 25. O-O
Qxa6 26. e4 $1 Qa4 27. e5 $1 Qc6 28. Rfe1 a6 29. Re3 h6 $1 $138 (29... b5 $2
30. Ne4 $1) (29... a5 $2 30. Nb1 {/\ Nc3}) 30. Rc1 $2 (30. Ne4 $1 fxe5 31. f3 {
/\ Re3-d3}) 30... Ra8 31. Ne4 fxe5 32. f3 a5 $1 33. Ra3 a4 34. h4 $1 Ra5 35.
Kg2 b5 $1 36. cxb5 Rxb5 37. Kh3 $1 Rb3 38. Rxc5 Qa6 39. Rc3 Qb5 40. Kg4 Kh7 41.
h5 Rxa3 42. Rxa3 g6 43. Bf8 $1 Kg8 $1 (43... Qb1 $2 44. Ra1 $1 gxh5+ 45. Kxh5
Qxa1 46. Nf6+ Kh8 47. Kxh6 Qh1+ 48. Kg6 Qb1+ 49. Kf7 $18 {Karpov}) 44. Bd6 Kf7
$1 45. Rc3 $2 (45. hxg6+ $1 $10 Kxg6 46. Kh3 h5 $10) 45... gxh5+ 46. Kxh5 Qf1
47. Kg4 (47. Kxh6 Qh3+ 48. Kg5 Qf5+ 49. Kh4 Qh7+ 50. Kg5 Qg6+ 51. Kh4 Qh6+ 52.
Kg4 Kg6 $1 $19) 47... Kg6 48. Bxe5 d5 49. Nc5 (49. Nf6 Qb1 $1 50. Kh4 h5 $1 51.
g4 Qe1+) 49... Qh1 $1 50. Kf4 Qh5 $1 51. Ke3 Qxe5+ 52. Kd2 d4 {(Valery Salov
in der Sonntags-Zeitung)} 0-1

[Event "Bela Crkva op"]
[Site "Bela Crkva"]
[Date "1983.??.??"]
[Round "10"]
[White "Cabrilo, Goran"]
[Black "Skembris, Spyridon"]
[Result "0-1"]
[WhiteElo "2445"]
[BlackElo "2405"]
[Annotator "ChessBase"]
[PlyCount "110"]
[EventDate "1983.06.??"]
[EventType "swiss"]
[EventRounds "13"]
[EventCountry "YUG"]
[SourceTitle "EXT 1998"]
[Source "ChessBase"]
[SourceDate "1997.11.17"]
[SourceVersion "1"]
[SourceVersionDate "1997.11.17"]
[SourceQuality "1"]

1. Nf3 Nf6 2. c4 b6 3. g3 Bb7 4. Bg2 e6 5. Nc3 Be7 6. O-O O-O 7. b3 d6 8. Bb2
Nbd7 9. d4 Ne4 10. d5 Nxc3 11. Bxc3 Bf6 12. Nd4 e5 13. Nc6 Qe8 14. Qd2 a5 15.
Rae1 Kh8 $1 16. f4 exf4 17. gxf4 Bxc3 18. Qxc3 Bxc6 $1 19. dxc6 Nc5 20. e4 $1
f6 $1 (20... Qxc6 $2 21. e5 $16) 21. Re2 (21. e5 $2 dxe5 22. fxe5 f5 $15) 21...
Qe7 22. Rfe1 Ne6 23. Rf2 Nc5 24. Qg3 (24. Rfe2 Rae8 $15) 24... Rae8 25. h4 Qf7
26. Rfe2 Re7 27. e5 dxe5 28. fxe5 f5 $15 29. Bd5 Qh5 30. Rg2 f4 31. Qg5 Qxg5
32. Rxg5 h6 $1 33. Rg6 Nd3 $17 34. Re4 Nxe5 35. Rg4 (35. Re6 $2 Rxe6 36. Bxe6
Nxc6 $19) 35... Nf3+ 36. Kf2 Rxe4 37. Bxe4 Ne5 38. Rg1 Rd8 39. Bd5 Rd6 40. h5
$1 g5 $1 (40... Nxc6 41. Re1 $13) 41. hxg6 Kg7 42. Rd1 Rxg6 43. Be4 Rf6 44. Rd5
Re6 45. Bf5 Re7 46. Bd7 (46. Rd7 Nxc6 $19) 46... Kf6 47. a4 $2 (47. Rd6+ $1 Kg5
48. Rd5 Kh4 $17) 47... Rg7 48. Rd4 f3 49. Rf4+ Ke7 50. Re4 Rg2+ 51. Kf1 Re2 $1
$17 52. Rd4 (52. Rxe2 fxe2+ 53. Kxe2 Nxd7 $19) 52... Rb2 53. Rd5 (53. Re4 Re2
54. Rd4 Kf6 $19) 53... Kf6 54. c5 $2 (54. Rd6+ cxd6 55. c7 Nd3 56. Kg1 Rg2+ 57.
Kf1 Rg8 58. c8=Q Rxc8 59. Bxc8 Ke5 $19) 54... bxc5 55. Rxc5 $2 $138 Rb1+ 0-1

[Event "Mondariz zt 1.1"]
[Site "Mondariz"]
[Date "2000.09.12"]
[Round "9"]
[White "Van Wely, Loek"]
[Black "Chuchelov, Vladimir"]
[Result "1-0"]
[WhiteElo "2643"]
[BlackElo "2535"]
[Annotator "Chuchelov,V"]
[PlyCount "79"]
[EventDate "2000.09.03"]
[EventType "swiss"]
[EventRounds "11"]
[EventCountry "ESP"]
[SourceTitle "CBM 079"]
[Source "ChessBase"]
[SourceDate "2000.11.21"]
[SourceVersion "1"]
[SourceVersionDate "2000.11.21"]
[SourceQuality "1"]

1. Nf3 Nf6 2. c4 c5 3. Nc3 e6 4. g3 b6 5. Bg2 Bb7 6. O-O Be7 7. Re1 d5 8. cxd5
exd5 9. d4 O-O 10. Bf4 Na6 11. dxc5 Nxc5 12. Nb5 $6 Nce4 13. Nbd4 Bc5 14. a3 $6
a5 $2 (14... Ng4 $1 15. Rf1 g5 16. Bc1 Ngxf2 17. Rxf2 Nxf2 18. Kxf2 g4 19. Bg5
f6 20. Bh6 gxf3 21. Bxf8 fxg2 22. Bxc5 (22. Bh6 Qe8 23. b4 Bxd4+ 24. Qxd4 Qg6
25. Bf4 Re8 $36) 22... bxc5 23. Nf3 Qe7 24. Kxg2 Re8 25. Kf1 d4 $17) 15. h3 Re8
16. Qa4 Nh5 (16... Rc8 $5 17. b4 $140 (17. Rad1 Qe7) 17... Bxd4 18. Nxd4 Nh5
19. bxa5 (19. Bc1 Nxf2) 19... Nxf4 20. gxf4 Rc4 21. Qd1 Qh4 22. Rf1 bxa5 $15) (
16... Qe7 $5) 17. Rad1 Nxf4 18. gxf4 Qf6 19. e3 h6 20. Re2 $5 (20. Qd7 Nd6 $1)
20... g5 $6 (20... Bd6 $5 21. Rc2 Rec8 22. Rdc1 Rxc2 23. Rxc2 Rd8 24. Qb5 Bc5
$13) 21. fxg5 hxg5 22. Nd2 $1 $14 Ng3 $2 (22... Rac8 23. Nxe4 dxe4 24. Red2 $14
) 23. fxg3 Bxd4 24. Nf1 $1 $16 Bxb2 25. Rf2 Qe5 26. Qb3 Bc3 27. Bxd5 $6 (27.
Rxd5 $1 Bxd5 28. Bxd5 $18) 27... Bxd5 (27... a4 28. Bxf7+ Kg7 29. Qb1 $18 (29.
Qxb6 Qe4 30. Qg6+ $1 Qxg6 31. Bxg6 Kxg6 32. Rd6+ Kg7 33. Rd7+)) 28. Rxd5 a4 29.
Qb5 Qe6 30. Rxg5+ Bg7 (30... Kf8 $5) 31. Qb2 Qh6 32. Rff5 $1 Rac8 33. h4 $18
Rc5 34. Rxc5 bxc5 35. Qb5 Qe6 36. Qxc5 Rc8 37. Qd4 f6 38. Rg4 Rc1 39. Qe4 Qa6
40. Qe8+ 1-0

[Event "Belgrade GMA op"]
[Site "Belgrade"]
[Date "1988.??.??"]
[Round "?"]
[White "Romanishin, Oleg M"]
[Black "Epishin, Vladimir"]
[Result "1/2-1/2"]
[WhiteElo "2550"]
[BlackElo "2475"]
[Annotator "Dautov,R"]
[PlyCount "131"]
[EventDate "1988.12.??"]
[EventType "swiss"]
[EventRounds "9"]
[EventCountry "YUG"]
[SourceTitle "TD"]
[Source "ChessBase"]
[SourceDate "1994.03.01"]
[SourceVersion "1"]
[SourceVersionDate "1994.03.01"]
[SourceQuality "1"]

1. Nf3 Nf6 2. c4 e6 3. g3 b6 4. Bg2 Bb7 5. O-O Be7 6. d4 O-O 7. d5 exd5 8. Nh4
c6 9. cxd5 Nxd5 10. Nf5 Nc7 11. Nc3 d5 12. e4 Bf6 13. Re1 Bc8 14. Qf3 (14. g4
$5 Bxf5 15. gxf5 d4 16. Ne2 $13) 14... Be6 (14... Nd7 15. Bf4 $16) (14... Re8
15. Rd1 $16) 15. g4 Nd7 16. Qg3 (16. Bf4 $2 dxe4 17. Nxe4 Bxb2 $17) 16... dxe4
$8 17. Bxe4 (17. Nxe4 Nd5 $15) 17... Nd5 18. g5 Be5 19. Qh4 g6 20. Nh6+ Kh8 21.
Bxd5 Bxd5 (21... cxd5 22. Be3 {/\ Bd4+/-}) 22. Nxd5 cxd5 23. Be3 (23. Bf4 f6)
23... Bg7 24. Rad1 Ne5 25. Qg3 f6 26. Bd4 Nf7 $1 (26... Nc6 $2 27. Bxf6 $1 Bxf6
28. gxf6 Qxf6 29. Rxd5 $14) 27. Nxf7+ Rxf7 28. gxf6 Bxf6 29. Re6 $1 Bxd4 30.
Rxd4 Qc7 $1 31. Rxd5 $2 (31. Qxc7 Rxc7 32. Rxd5 Rc1+ 33. Kg2 Rc2 34. Rf6 $1 $10
) 31... Qc1+ 32. Kg2 Qxb2 33. Red6 $1 Raf8 34. Rd2 Qb4 35. Qe5+ Kg8 36. h3 Qf4
37. Qxf4 Rxf4 38. Rc6 R8f7 39. Rc3 Ra4 40. Kg3 Kg7 41. f3 Kh6 42. a3 b5 43. Rb2
Rc4 $1 (43... Rf5 $1) 44. Rd3 a6 (44... Rf5) 45. Re2 $15 Rfc7 46. Re6 Ra4 47.
h4 Rb7 48. Re5 Rf7 49. Re6 Kg7 50. Rc6 Re7 51. Kh3 Kf7 52. Kg3 Rb7 53. Re3 Rd7
54. Rb6 Kg7 55. Rc6 Kh6 56. Rb6 Rdd4 57. Ree6 Rxa3 (57... Rxh4 58. Rxa6 $10 {
Epishin,V}) 58. Rxa6 Rxa6 59. Rxa6 Kh5 60. Ra7 h6 61. Rb7 Rd5 62. Rb6 Rf5 63.
Rb7 Rd5 64. Rb6 Rc5 65. Rd6 b4 66. Rb6 1/2-1/2